Theory of oscillators
Widely considered one of the classic books on nonlinear oscillators, this comprehensive volume offers a uniquely detailed and thorough discussion of an important branch of mathematics. Indeed, for mathematicians seeking the physical foundations of the theory of nonlinear oscillations, it is a verita...
Guardat en:
| Autor principal: | |
|---|---|
| Format: | Llibre |
| Idioma: | Undetermined |
| Publicat: |
New York
Pergamon Press
1966
|
| Matèries: | |
| Etiquetes: |
Afegir etiqueta
Sense etiquetes, Sigues el primer a etiquetar aquest registre!
|
| Thư viện lưu trữ: | Trung tâm Học liệu Trường Đại học Cần Thơ |
|---|
| LEADER | 00953nam a2200193Ia 4500 | ||
|---|---|---|---|
| 001 | CTU_220240 | ||
| 008 | 210402s9999 xx 000 0 und d | ||
| 082 | |a 531.322 | ||
| 082 | |b A575 | ||
| 100 | |a Andronov, Aleksandr Aleksandrovich | ||
| 245 | 0 | |a Theory of oscillators | |
| 245 | 0 | |c A. A. Andronov, A. A. Vitt and S. E. Khaikin ; Translated from the Russian by F. Immirzi ; The translation edited and abridged by W. Fishwick | |
| 260 | |a New York | ||
| 260 | |b Pergamon Press | ||
| 260 | |c 1966 | ||
| 520 | |a Widely considered one of the classic books on nonlinear oscillators, this comprehensive volume offers a uniquely detailed and thorough discussion of an important branch of mathematics. Indeed, for mathematicians seeking the physical foundations of the theory of nonlinear oscillations, it is a veritable encyclopedia. | ||
| 650 | |a Dao động,Oscillations | ||
| 904 | |i Hải | ||
| 980 | |a Trung tâm Học liệu Trường Đại học Cần Thơ | ||